000 01067nam a2200301 a 4500
001 000005349
003 DO-SdBNP
005 20180402131741.0
007 000005349
008 090819s2006 dr a 000 0 spa d
020 _a9945406450
040 _aBPMSU
_bspa
_cBPMSU
092 _a813
_bB347m
100 1 _aBaum, Lyman Frank,
_d1856-1919
245 1 3 _aEl mago de Oz /
_cLyman Frank Baum ; versión María Isabel Plaz-Power ; ilustraciones Claudia Celis
260 _aSanto Domingo :
_bTobogán-Panapo,
_bAlfa & Omega
_c2006
300 _a111 p. :
_bil.;
_c23 cm.
490 1 _aClásicos Universales Tobogán
500 _aLa biblioteca posee la edición del 1994
650 4 _aCUENTOS INFANTILES ESTADOUNIDENSE
650 4 _aLITERATURA INFANTIL ESTADOUNIDENSE
700 1 _aCelis, Claudia,
_eil.
700 1 _aPlaza-Power, María Isabel,
_eversión
830 0 _aClásicos universales Tobogán
942 _2ddc
_cBK
945 _aInventariado / 2018 VM
956 _aVMATEO
_b10
_c20150904
_lBPMSU
_h00151
999 _c7491
_d7491